书目信息 |
| 题名: |
外国文学研究论文资料索引
|
|
| 作者: | ;上海教育学院图书馆 , 河北教育学院图书馆 编 | |
| 分册: | 1978~1985 | |
| 出版信息: | 上海 上海社会科学院出版社 1986 |
|
| 页数: | 415页 | |
| 开本: | 19cm | |
| 丛书名: | ||
| 单 册: | ||
| 中图分类: | Z89:I1 | |
| 科图分类: | ||
| 主题词: | 文学研究--外国--论文--索引 | |
| 电子资源: | ||
| ISBN: | ||
| 000 | 00798nam0 2200241 45 | |
| 001 | 0186016512 | |
| 005 | 20060810093351.37 | |
| 010 | @dCNY3.00 | |
| 091 | @a10299.022 | |
| 100 | @a19901010d1986 kemy0chiy0121 ea | |
| 101 | 0 | @achi |
| 102 | @aCN@b310000 | |
| 105 | @ay cr 000zy | |
| 200 | 10 | @a外国文学研究论文资料索引@Awai guo wen xue yan jiu lun wen zi liao suo yin@h1978~1985@f河北教育学院图书馆, 上海教育学院图书馆编 |
| 210 | @a上海@c上海社会科学院出版社@d1986 | |
| 215 | @a415页@d19cm | |
| 606 | @a文学研究@y外国@x论文@x索引 | |
| 690 | @aZ89:I1@v3 | |
| 711 | 02 | @a上海教育学院图书馆@Ashang hai jiao yu xue yuan tu shu guan@4编 |
| 711 | 02 | @a河北教育学院图书馆@Ahe bei jiao yu xue yuan tu shu guan@4编 |
| 801 | 2 | @aCN@bNLC@c20060810 |
| 801 | 0 | @aCN@bTSSF |
| 905 | @a10447@dZ89:I1@e122 | |
| 外国文学研究论文资料索引.1978~1985/河北教育学院图书馆, 上海教育学院图书馆编.-上海:上海社会科学院出版社,1986 |
| 415页;19cm |
| ISBN :CNY3.00 |
| ● |
| 相关链接 |
|
|
|
|
正题名:外国文学研究论文资料索引
索取号:Z89:I1/122
 
预约/预借
| 序号 | 登录号 | 条形码 | 馆藏地/架位号 | 状态 | 备注 |
| 1 | 0452106 | 204521062 | 密集书库/ [索取号:Z89:I1/122] | 在馆 |